Civil strife in Sri Lanka : (Record no. 2862)
[ view plain ]
| 000 -LEADER | |
|---|---|
| fixed length control field | 00778nam a2200157Ia 4500 |
| 005 - DATE AND TIME OF LATEST TRANSACTION | |
| control field | 20240603234015.0 |
| 008 - FIXED-LENGTH DATA ELEMENTS--GENERAL INFORMATION | |
| fixed length control field | 240331s9999 xx 000 0 und d |
| 020 ## - INTERNATIONAL STANDARD BOOK NUMBER | |
| ISBN | 9559136151 |
| 082 ## - DDC Classification | |
| Item Number - Author Mark | WIJ |
| Class No. | 351 |
| 100 ## - MAIN ENTRY--PERSONAL NAME | |
| Personal name | Wijesinha, R |
| 245 #0 - TITLE STATEMENT | |
| Title | Civil strife in Sri Lanka : |
| Remainder of title | the UNP government 1989-94 |
| 260 ## - PUBLICATION, DISTRIBUTION, ETC. | |
| Place of publication, distribution, etc. | Union Place |
| Name of publisher, distributor, etc. | McCallum Books |
| Date of publication, distribution, etc. | 1995 |
| 300 ## - PHYSICAL DESCRIPTION | |
| Extent (e.g. Volumes, Pages etc.) | v,180 p., |
| 500 ## - GENERAL NOTE | |
| General note | This book begins with a succinct account of how Ranasinghe Premadasa emerged against heavy odds as the leader of the UNP. It describes his victory at the 1988 Presidential election, and the establishment of a highly personalized regime. The conflict with the Tigers is described, as well as the emergence of opposition within his own party that led to an attempt at impeachment. |
| 942 ## - Koha item type (Biblio) | |
| Koha item type | Books in Stacks (Lending) |
| Lost status | Damaged status | Collection code | Home library | Current library | Shelving location | Date acquired | Full call number | Accession Number | Item type |
|---|---|---|---|---|---|---|---|---|---|
| Lending | WERC Library | WERC Library | Social Science Cupboard | 03/31/2024 | 351 WIJ | 5080 | Books in Stacks (Lending) |
